[Event "Challenge"]
[Site "http://www.queenalice.com/game.php?id=1140530"]
[Date "2013.1.14"]
[Round "-"]
[White "amethystarcher"]
[Black "ThiagoSousa"]
[Result "0-1"]
[WhiteElo "1494"]
[BlackElo "1539"]

1. e4 c5 2. d3 Nc6 3. Be3 b6 4. Nc3 e6 5. f4 f5 6. Qe2 Bd6 7. O-O-O e5 8. Nb5
Qe7 9. Nf3 exf4 10. Bf2 fxe4 11. dxe4 Be5 12. Nxe5 Qxe5 13. Nd6+ Ke7 14. g3 Nf6
15. Bg2 Nb4 16. Kb1 Ba6 17. Qe1 Ne8 18. Nc4 Bxc4 19. b3 Be6 20. Qd2 d5 21. Rhe1
Bg4 22. Rc1 f3 23. h3 fxg2 24. hxg4 dxe4 25. Rcd1 Qe6 26. Rg1 Qxg4 27. Rxg2 Nf6
28. Qd6+ Kf7 29. Rgg1 Rad8 30. Qf4 Qxf4 31. gxf4 h5 32. Rde1 Rd2 33. Rc1 Rxf2
34. Rgf1 Ng4 35. f5 e3 36. Rxf2 Nxf2 37. Re1 Nd5 38. c4 Nc3+ 39. Kc2 Nxa2 40.
Rxe3 Re8 41. Rf3 Nb4+ 42. Kc3 Nd1+ 43. Kd2 Ne3 44. Kc3 g6 45. fxg6+ Kxg6 46. Rf4
Ned5+ 47. Kb2 Nxf4 48. Ka3 Nc2+ 49. Kb2 Re2 50. Kc3 h4 51. b4 h3 52. bxc5 bxc5
53. Kb3 h2 54. Ka4 h1=Q 55. Kb5 Ne6 56. Ka6 Qa1+ 57. Kb7 Qg7+ 58. Kc6 Nd8+ 59.
Kxc5 Qd4+ 60. Kb5 Re5+ 61. Ka6 Qb6# 0-1

[Event "Challenge"]
[Site "http://www.queenalice.com/game.php?id=1140531"]
[Date "2013.1.14"]
[Round "-"]
[White "ThiagoSousa"]
[Black "amethystarcher"]
[Result "0-1"]
[WhiteElo "1511"]
[BlackElo "1456"]

1. e4 c5 2. Nf3 Nf6 3. d3 d6 4. Bf4 e5 5. c3 exf4 6. Qd2 Nh5 7. g3 Bg4 8. Bg2 d5
9. O-O Bd6 10. exd5 O-O 11. Re1 Nf6 12. h3 Bxf3 13. Bxf3 fxg3 14. fxg3 Bxg3 15.
Re5 Bxe5 16. Qe3 Nbd7 17. d4 cxd4 18. cxd4 Bg3 19. Bg4 Re8 20. Qxg3 Rc8 21. Nd2
Re7 22. d6 Re8 23. Bf3 b6 24. Bb7 Rc2 25. Nf3 Rxb2 26. Rc1 Qb8 27. Bc6 a5 28.
Ne5 Qxd6 29. Bxd7 Nxd7 30. Rd1 Nxe5 31. Qe3 Qc6 32. Qa3 Qg2# 0-1

[Event "Challenge"]
[Site "http://www.queenalice.com/game.php?id=1141353"]
[Date "2013.1.16"]
[Round "-"]
[White "amethystarcher"]
[Black "Wigmont"]
[Result "0-1"]
[WhiteElo "1421"]
[BlackElo "1386"]

1. e4 e6 2. Nf3 Nf6 3. Nc3 c5 4. d4 d6 5. Bd3 b6 6. O-O a5 7. Nb5 Nc6 8. Bf4 Ba6
9. e5 Nh5 10. Bg5 f6 11. Be3 cxd4 12. Nfxd4 Nxe5 13. Nxe6 Qd7 14. Nxf8 Rxf8 15.
Qxh5+ g6 16. Qh6 Ng4 17. Qh3 h5 18. Bxg6+ Ke7 19. Bf4 Qxb5 20. Bd3 Qb4 21. Rab1
Qxf4 22. Rbe1+ Kd7 23. Qxh5 Rh8 24. Qf7+ Kd8 25. g3 Qf3 26. Qg7 Rxh2 27. Qe7+
Kc8 28. Bf5+ Kb8 29. Qxd6+ Ka7 30. Be4 Rh1# 0-1

[Event "Challenge"]
[Site "http://www.queenalice.com/game.php?id=1141354"]
[Date "2013.1.16"]
[Round "-"]
[White "AuntieRenie"]
[Black "amethystarcher"]
[Result "0-1"]
[WhiteElo "1479"]
[BlackElo "1429"]

1. c4 e6 2. Nc3 d5 3. cxd5 exd5 4. d4 Bb4 5. Bd2 Nf6 6. g3 O-O 7. Bg2 Nc6 8. Qb3
Bf5 9. Nxd5 Bxd2+ 10. Kxd2 Be6 11. e3 Bxd5 12. Bxd5 Nxd5 13. Rc1 Qd6 14. Ne2
Rad8 15. Qxb7 Rb8 16. Qa6 Ndb4 17. Qc4 Na5 18. Qxc7 Qa6 19. a3 Qd3+ 20. Ke1 Qe4
21. Rg1 Nd3+ 22. Kf1 Qf3 23. Rc2 Qxf2# 0-1

[Event "Challenge"]
[Site "http://www.queenalice.com/game.php?id=1141355"]
[Date "2013.1.16"]
[Round "-"]
[White "amethystarcher"]
[Black "AuntieRenie"]
[Result "0-1"]
[WhiteElo "1458"]
[BlackElo "1544"]

1. e4 d6 2. d4 Nf6 3. Bd3 g6 4. Nf3 Bg7 5. Nc3 O-O 6. O-O Nbd7 7. e5 Nh5 8. Bg5
f6 9. exf6 Bxf6 10. Bxf6 Nhxf6 11. Qd2 c5 12. Qh6 cxd4 13. Nxd4 Nc5 14. b4 Nxd3
15. cxd3 Qb6 16. Nf3 Ng4 17. Qg5 e5 18. Nd5 Qd8 19. Qd2 Be6 20. Nc3 Bf5 21. Ng5
Kg7 22. Nce4 Bxe4 23. Ne6+ Kg8 24. Nxd8 Raxd8 25. dxe4 Rd7 26. Qe2 Nf6 27. Rad1
Rc8 28. Qf3 Kg7 29. Rd3 Rc4 30. a3 Nxe4 31. Re1 Ng5 32. Qg4 Rxg4 33. f3 Rh4 34.
g3 Rc4 35. f4 exf4 36. h4 Nf7 37. gxf4 Rxf4 38. Rh3 Rg4+ 39. Kf2 Ne5 40. Ree3
Rf7+ 41. Ke2 Rg2+ 42. Ke1 Rff2 43. Rh1 Nf3+ 44. Kd1 Rd2+ 45. Kc1 Rc2+ 46. Kb1
Rb2+ 47. Kc1 Rgc2+ 48. Kd1 Rd2+ 49. Kc1 Nd4 50. Re7+ Kh6 51. Rh3 Ne2+ 52. Rxe2
Rxe2 53. Rh1 Ra2 54. Kd1 Rg2 55. Kc1 Ra1# 0-1

[Event "QUER ZUAR"]
[Site "http://www.queenalice.com/game.php?id=1141374"]
[Date "2013.1.16"]
[Round "-"]
[White "perucona"]
[Black "amethystarcher"]
[Result "1-0"]
[WhiteElo "1353"]
[BlackElo "1441"]

1. e4 c5 2. d4 cxd4 3. Qxd4 Nc6 4. Qd5 e6 5. Qd2 Nf6 6. Nc3 Bc5 7. Nf3 O-O 8.
Bb5 b6 9. Bxc6 dxc6 10. O-O Ba6 11. Rd1 Qe7 12. Qe1 Ng4 13. h3 Nxf2 14. Kh2 Nxd1
15. Qxd1 e5 16. Bg5 Qe6 17. Qe1 Bc8 18. Rd1 Qxh3+ 19. gxh3 a5 20. Rd2 Rb8 21.
Qd1 Be6 22. Qg1 Bxg1+ 23. Kxg1 f6 24. Be3 b5 25. b3 Bxh3 26. Kh2 Bg4 27. Kg2 b4
28. Nd1 1-0

[Event "Challenge"]
[Site "http://www.queenalice.com/game.php?id=1141470"]
[Date "2013.1.17"]
[Round "-"]
[White "amethystarcher"]
[Black "Excsiu"]
[Result "1-0"]
[WhiteElo "1421"]
[BlackElo "1566"]

1. e4 e5 2. Nf3 Nf6 3. Nc3 d6 4. Bd3 c6 5. O-O d5 6. Nxe5 Qc7 7. Nf3 Be7 8. e5
Ng4 9. Nd4 Qxe5 10. Nf3 Qc7 11. Qe1 O-O 12. h3 Nh6 13. h4 Nd7 14. Qxe7 c5 15.
Nxd5 Qb8 16. Ng5 g6 17. Nf4 Qxf4 18. g3 Qb8 19. Ne6 fxe6 20. b3 Qe5 21. Rb1 b6
22. Bb2 Rf7 23. Qd8+ Rf8 24. Qe7 Qd5 25. c4 Qc6 26. Qg7# 1-0

[Event "JUS II"]
[Site "http://www.queenalice.com/game.php?id=1142722"]
[Date "2013.1.20"]
[Round "-"]
[White "perucona"]
[Black "amethystarcher"]
[Result "1-0"]
[WhiteElo "1407"]
[BlackElo "1387"]

1. e4 e5 2. d4 exd4 3. Qxd4 Bd6 4. Qd5 Nf6 5. Qd3 O-O 6. Nc3 b6 7. Bg5 Be5 8.
Bxf6 Bxc3+ 9. bxc3 Qxf6 10. Qf3 Qe5 11. O-O-O d6 12. Rd3 c5 13. Re3 c4 14. Bxc4
Be6 15. Bxe6 Qxe6 16. Qg3 Nc6 17. Ne2 Ne5 18. Nf4 Qxa2 19. Kd2 Nc4+ 20. Kd3 Nb2+
21. Kd2 Nc4+ 22. Kd3 Ne5+ 23. Kd2 Nc4+ 24. Kd3 Nxe3 25. fxe3 Rac8 26. h4 1-0

[Event "OS INCLIVEIS"]
[Site "http://www.queenalice.com/game.php?id=1142822"]
[Date "2013.1.20"]
[Round "-"]
[White "adelio"]
[Black "amethystarcher"]
[Result "1-0"]
[WhiteElo "1745"]
[BlackElo "1513"]

1. d4 d5 2. e4 dxe4 3. Nc3 Nf6 4. f3 Bf5 5. Be3 Nc6 6. g4 Bg6 7. h4 h5 8. g5 Nd5
9. Nxd5 Qxd5 10. a3 e6 11. c4 Qf5 12. f4 a6 13. b4 b5 14. Bh3 Qxh3 15. Nxh3 bxc4
16. Rc1 a5 17. Qa4 Ra6 18. b5 Bb4+ 19. axb4 Nxb4 20. bxa6+ Ke7 21. d5 Nd3+ 22.
Ke2 Nxc1+ 23. Rxc1 Rd8 24. Qa3+ Ke8 25. Bc5 Rxd5 26. Bf8 Rd7 27. Qa4 Bf5 28. Rd1
Bg4+ 29. Ke1 Bxd1 30. Qa3 Rd3 31. Qe7# 1-0

[Event "Challenge"]
[Site "http://www.queenalice.com/game.php?id=1143968"]
[Date "2013.1.23"]
[Round "-"]
[White "amethystarcher"]
[Black "R0ni"]
[Result "0-1"]
[WhiteElo "1494"]
[BlackElo "2650"]

1. e4 e6 2. d4 d5 3. Nc3 Bb4 4. Bd2 dxe4 5. Nxe4 Qxd4 6. Bd3 Bxd2+ 7. Qxd2 Qxb2
8. Qd1 f5 9. Nd2 Ne7 10. Ne2 Nbc6 11. c3 Ne5 12. Rb1 Nxd3+ 13. Kf1 Qxa2 14. h4
Bd7 15. Nc1 Nxc1 16. Qxc1 Bc6 17. Rb2 Qd5 18. Kg1 Qxg2# 0-1

[Event "Challenge"]
[Site "http://www.queenalice.com/game.php?id=1144203"]
[Date "2013.1.23"]
[Round "-"]
[White "R0ni"]
[Black "amethystarcher"]
[Result "1-0"]
[WhiteElo "2660"]
[BlackElo "1445"]

1. d4 Nf6 2. Nf3 d5 3. e3 Bg4 4. c4 e6 5. Qb3 b6 6. Ne5 a5 7. Nxg4 Nxg4 8. Nc3
Bb4 9. cxd5 exd5 10. Be2 Qd7 11. Bxg4 Qxg4 12. O-O O-O 13. Nxd5 Nc6 14. Nxc7
Rac8 15. Nd5 Rce8 16. a3 Bd6 17. Qb5 Qh4 18. g3 Na7 19. Qxe8 Rxe8 20. gxh4 Re4
21. f4 Nc6 22. Nxb6 Be7 23. Bd2 Bxh4 24. Rac1 Re6 25. f5 Rf6 26. e4 1-0

[Event "game"]
[Site "http://www.queenalice.com/game.php?id=1145406"]
[Date "2013.1.26"]
[Round "-"]
[White "BrianConklin"]
[Black "amethystarcher"]
[Result "0-1"]
[WhiteElo "1288"]
[BlackElo "1395"]

1. d4 Nf6 2. e3 d5 3. Bb5+ Bd7 4. a4 c6 5. Bd3 e6 6. Nf3 Bd6 7. O-O O-O 8. b3
Qe7 9. Nfd2 e5 10. Bb2 e4 11. Be2 Ng4 12. Bxg4 Qg5 13. h3 Bxg4 14. f3 Qxe3+ 15.
Kh1 Qf4 16. c4 Qh2# 0-1

[Event "Challenge"]
[Site "http://www.queenalice.com/game.php?id=1146283"]
[Date "2013.1.28"]
[Round "-"]
[White "NeeneNY"]
[Black "amethystarcher"]
[Result "0-1"]
[WhiteElo "1403"]
[BlackElo "1412"]

1. e4 c5 2. Nc3 g6 3. Nf3 Nf6 4. Bc4 Bg7 5. d4 cxd4 6. Nxd4 O-O 7. e5 Ne8 8. Bf4
d6 9. O-O dxe5 10. Nce2 exf4 11. Nxf4 Bxd4 12. c3 Bb6 13. Qb3 Qd2 14. Nd5 Bc5
15. Rad1 Qh6 16. Nxe7+ Bxe7 17. Rfe1 Bd6 18. Bd5 Qxh2+ 19. Kf1 Bg4 20. f3 Qf4
21. Kf2 Bf5 22. Qxb7 Bc5+ 23. Kf1 Qg3 24. Ke2 Qf2# 0-1

[Event "CARMELA DUTRA IV"]
[Site "http://www.queenalice.com/game.php?id=1147907"]
[Date "2013.2.1"]
[Round "-"]
[White "rogeriooliveira"]
[Black "amethystarcher"]
[Result "0-1"]
[WhiteElo "1262"]
[BlackElo "1450"]

1. e4 c5 2. d4 cxd4 3. Qxd4 Nc6 4. Qd5 Nf6 5. Qd3 Nb4 6. Qe2 Qc7 7. Nc3 e5 8.
Nf3 Bc5 9. Be3 d5 10. exd5 Bf5 11. Bxc5 Qxc5 12. O-O-O O-O 13. a4 Bxc2 14. Rd2
Nfxd5 15. Nxd5 Na2# 0-1

[Event "Challenge"]
[Site "http://www.queenalice.com/game.php?id=1149604"]
[Date "2013.2.7"]
[Round "-"]
[White "amethystarcher"]
[Black "ki2013"]
[Result "0-1"]
[WhiteElo "1447"]
[BlackElo "1386"]

1. e4 d5 2. d3 dxe4 3. dxe4 Qxd1+ 4. Kxd1 e5 5. Nf3 Bg4 6. Be2 Nc6 7. Nc3 Bxf3
8. Bxf3 Rd8+ 9. Nd5 Nf6 10. Bg5 Kd7 11. Nxf6+ gxf6 12. Bxf6 Ke6+ 13. Ke1 Kxf6
14. h4 Bh6 15. g4 Bd2+ 16. Ke2 h6 17. Rag1 Nd4+ 18. Kd1 Nxf3 19. g5+ Bxg5+ 20.
Ke2 Nxg1+ 21. Rxg1 Bf4 22. Kf3 Rd2 23. Rc1 Rxf2+ 24. Kxf2 Bxc1 25. b3 Rd8 26. a4
Rd2+ 27. Ke1 Rxc2 28. Kd1 Rc3 29. b4 Bf4 30. a5 Rc4 31. b5 Rxe4 32. Kc2 Ra4 33.
a6 bxa6 34. bxa6 Rxa6 35. Kd3 Rc6 36. Ke4 a5 37. Kd5 Ra6 38. Kc5 a4 39. Kb5 Ra8
40. Kc6 Ra7 41. Kd7 a3 42. Ke8 a2 43. Kd8 a1=Q 44. Kd7 e4 45. Ke8 c6 46. Kd8 Qb1
47. Ke8 Qb8# 0-1

[Event "JOGAR III"]
[Site "http://www.queenalice.com/game.php?id=1149822"]
[Date "2013.2.8"]
[Round "-"]
[White "perucona"]
[Black "amethystarcher"]
[Result "1-0"]
[WhiteElo "1332"]
[BlackElo "1462"]

1. e4 c5 2. d4 cxd4 3. Qxd4 Nc6 4. Qd5 Nf6 5. Qd3 d5 6. e5 Nxe5 7. Qe2 Qc7 8.
Bg5 Bf5 9. Bxf6 Bxc2 10. Nc3 Nd3+ 11. Kd2 Nf4 12. Qf3 Bf5 13. g4 Bg6 14. Re1 e6
15. Nh3 Nxh3 16. Bxh3 gxf6 17. Re2 Rc8 18. Ke1 Bg7 19. Kf1 f5 20. gxf5 d4 21.
Nb5 1-0

[Event "CINTURA II"]
[Site "http://www.queenalice.com/game.php?id=1151902"]
[Date "2013.2.14"]
[Round "-"]
[White "perucona"]
[Black "amethystarcher"]
[Result "1-0"]
[WhiteElo "1422"]
[BlackElo "1372"]

1. e4 c5 2. d4 cxd4 3. Qxd4 Nc6 4. Qd5 e6 5. Qd3 Bb4+ 6. c3 Ne5 7. Qe3 Bd6 8.
Nf3 Nf6 9. Na3 O-O 10. Nxe5 Bxe5 11. Bd2 Ng4 12. Qh3 f5 13. exf5 exf5 14. f3
Bxh2 15. fxg4 Qe8+ 16. Kd1 Bd6 17. Bb5 Qg6 18. gxf5 Qxf5 19. Qxh7+ Qxh7 20. Bc4+
1-0

[Event "PIER XXXVII"]
[Site "http://www.queenalice.com/game.php?id=1153638"]
[Date "2013.2.20"]
[Round "-"]
[White "perucona"]
[Black "amethystarcher"]
[Result "1-0"]
[WhiteElo "1373"]
[BlackElo "1421"]

1. e4 c5 2. d4 cxd4 3. Qxd4 Nc6 4. Qd5 Nf6 5. Qd3 e5 6. Qe3 b6 7. Nc3 Bc5 8. Qe2
Nb4 9. a3 Ba6 10. Qd1 Bxf1 11. Kxf1 Ng4 12. axb4 Qf6 13. Nf3 Nxf2 14. Qe1 Nxh1
15. Ke2 Nf2 16. Na4 Rc8 17. Be3 Nxe4 18. Bxc5 bxc5 19. b5 O-O 20. Qg1 1-0

[Event "PIER XXXXIV"]
[Site "http://www.queenalice.com/game.php?id=1153648"]
[Date "2013.2.20"]
[Round "-"]
[White "perucona"]
[Black "amethystarcher"]
[Result "1-0"]
[WhiteElo "1391"]
[BlackElo "1403"]

1. e4 c5 2. d4 cxd4 3. Qxd4 Nc6 4. Qd5 d6 5. Bc4 Nf6 6. Qxf7+ Kd7 7. Be6+ Kc7 8.
Nc3 Nd4 9. Kd2 Nxe6 10. f3 g6 11. Nge2 b6 12. Nb5+ Kb7 13. Ke3 Bh6+ 14. Kf2 Rf8
15. Nxd6+ Qxd6 16. g3 Rxf7 17. Rd1 Qxd1 18. a4 Bxc1 19. Ra2 Bd2 20. e5 1-0

[Event "BIZARRO IV"]
[Site "http://www.queenalice.com/game.php?id=1155044"]
[Date "2013.2.24"]
[Round "-"]
[White "rogeriooliveira"]
[Black "amethystarcher"]
[Result "1-0"]
[WhiteElo "1361"]
[BlackElo "1358"]

1. e4 c5 2. d4 cxd4 3. Qxd4 Nc6 4. Qd5 e6 5. Qd3 Nf6 6. Nc3 d5 7. exd5 exd5 8.
Nf3 Bb4 9. a3 Bd6 10. Bg5 O-O 11. Bxf6 Qxf6 12. O-O-O Bc5 13. b4 Bxf2 14. Qxd5
Qxc3 15. Rd3 Qa1+ 16. Kd2 Qe1+ 17. Nxe1 Re8 18. Rf3 Be6 19. Qe4 Rad8+ 20. Ke2
Rd4 21. Qxh7+ Kxh7 22. Kxf2 Ne5 23. Re3 Ng4+ 24. Kf3 Nxe3 25. c3 Bg4+ 26. Kg3
Rd2 27. Rg1 1-0

[Event "BIZARRO XXXVII"]
[Site "http://www.queenalice.com/game.php?id=1155089"]
[Date "2013.2.24"]
[Round "-"]
[White "rogeriooliveira"]
[Black "amethystarcher"]
[Result "1-0"]
[WhiteElo "1377"]
[BlackElo "1342"]

1. e4 c5 2. d4 cxd4 3. Qxd4 Nc6 4. Qd5 Nf6 5. Qd3 d5 6. exd5 Nxd5 7. Nc3 e6 8.
Nf3 Bb4 9. a3 Bxc3+ 10. bxc3 O-O 11. Bg5 Qa5 12. Bd2 b5 13. c4 Nf4 14. Bxa5
Nxd3+ 15. cxd3 Nxa5 16. O-O-O Bb7 17. Be2 Nb3+ 18. Kc2 bxc4 19. dxc4 Nc5 20. Rd2
Be4+ 21. Kc3 Rab8 22. Rhd1 f6 23. Rd4 Rb3+ 24. Kd2 e5 25. Rd5 Bxd5 26. cxd5 1-0